Maiores artilheiros da história do Clube Atlético Mineiro - Statistics

Estatísticas Gerais
  • Esse quiz foi jogado 63 vezes
    57 desde o último reset
  • A pontuação média é 14 de 50
Estatísticas das Respostas
Hint Resposta % Correto
95 Hulk
100%
255 Reinaldo
93%
112 Diego Tardelli
87%
211 Dadá Maravilha / Dadá / Dario
83%
133 Marques
70%
122 Éder Aleixo / Éder
60%
139 Guilherme
60%
53 Toninho Cerezo
43%
79 Renaldo
40%
195 Mario de Castro
33%
52 Nelinho
33%
168 Guará
30%
104 Marcelo / Marcelo Oliveira
30%
62 Euller
27%
152 Lucas / Lucas Miranda
27%
67 Ronaldo / Ronaldo Drumond
27%
135 Ubaldo
27%
122 Jairo
23%
142 Said
23%
57 Valdir Bigode / Valdir
23%
92 Gérson
20%
126 Nívio / Nívio Garbich
20%
98 Paulo Isidoro
20%
100 Alvinho
17%
100 Campos
17%
92 Everton / Ewerton
17%
65 Lauro
17%
93 Lero
17%
51 Lôla
17%
61 Nicola
17%
125 Nilson
17%
61 Oldair
17%
58 Sérgio Araújo
17%
58 Vavá
17%
63 Ailton
13%
64 Amorim
13%
58 Carlyle
13%
61 Lacy
13%
53 Luiz Carlos
13%
87 Paulista
13%
104 Resende
13%
118 Tomazinho
13%
59 Danival
10%
59 Renato Morungaba / Renato Pé Murcho
10%
52 Tião
10%
58 Bahiano
7%
53 Orlando Vaz
7%
53 Reinaldo Rosa / Reinaldinho
7%
56 Vaguinho
7%
57 Zica Filho
7%
Nenhum quiz correspondente encontrado
Distribuição das Pontuações
Porcentagem de Pessoas com Cada Pontuação
Percentil de Números Respondidos
Sua Pontuação Histórica
Você não jogou esse quiz desde o último reset